| 000 | 00600nam a2200193 u 4500 | ||
|---|---|---|---|
| 005 | 20230106063527.0 | ||
| 008 | 150318s2005 mx r 000 0 spa d | ||
| 020 | _a9702212316 | ||
| 035 | _aUPN01000202599 | ||
| 049 | _aI | ||
| 050 | 4 |
_aQ163 _bM5.6 |
|
| 245 | 0 | 0 |
_aMi primer Larousse de las ciencias de la vida y de la tierra / _ctr. María del Pilar Ortiz. |
| 260 |
_aMéxico : _bLarousse, _c2005. |
||
| 300 |
_a160 p. : _bil. col. |
||
| 534 |
_pTitulo original: _tMon premier Larousse des sciences |
||
| 650 | 2 |
_aCiencia _vLiteratura infantil _911354 |
|
| 905 | _aInfantil | ||
| 999 |
_c174700 _d174700 |
||